Les organitzacions no governamentals per al desenvolupament a Catalunya
ISBN:
84-87135-32-3
Descripción Física:
142 p. : il. col., gràfics, taules ; 21 cm
Otros Autores:
Caixa Catalunya
MARC
| LEADER | 00000nam a2200000Ia 4500 | ||
|---|---|---|---|
| 001 | 16074 | ||
| 008 | 160829s9999 xx 000 0 cat d | ||
| 020 | |a 84-87135-32-3 | ||
| 080 | |a S-1-196 | ||
| 245 | |a Les organitzacions no governamentals per al desenvolupament a Catalunya | ||
| 260 | |a [Barcelona] : |b Caixa Catalunya, Obra Social, D.L. 1999 | ||
| 300 | |a 142 p. : |b il. col., gràfics, taules ; |c 21 cm | ||
| 590 | |a Bibliografia | ||
| 650 | |a Organismes no governamentals |x Catalunya |x Directoris |9 37302 | ||
| 700 | |a Caixa Catalunya | ||
| 901 | |a Arxiu | ||
| 942 | |n 1 | ||
| 952 | |0 0 |1 0 |4 0 |6 S1196 |7 1 |9 47793 |a Arxiu |b Arxiu |d 2016-12-01 |l 0 |o S-1-196 |p 16074 |r 2016-12-01 00:00:00 |w 2016-12-01 |y ARXIU | ||
| 999 | |c 51592 |d 51592 | ||